Statistiken für 100 meist gestreamte Spotify Songs

Klicken Sie hier um das Quiz zu spielen!

Allgemein

  • Dieses Quiz wurde 1.528 mal gespielt
  • Das Durchschnittsergebnis liegt bei 26 aus 100

Antwortstatistiken

HintAntwort% Korrekt
Ed SheeranShape of You
90%
The WeekndBlinding Lights
84%
Tones and IDance Monkey
80%
Billie EilishBad Guy
62%
Imagine DragonsThunder
59%
Harry StylesWatermelon Sugar
56%
The Kid LAROI, Justin BieberStay
54%
Ariana Grande7 Rings
51%
Glass AnimalsHeat Waves
51%
AviciiWake Me Up
50%
Olivia RodrigoDrivers License
48%
The Weeknd, Daft PunkStarboy
45%
QueenBohemian Rhapsody
44%
Imagine DragonsDemons
44%
Imagine DragonsBeliever
43%
Ed SheeranPerfect
43%
Shawn MendesStitches
42%
Post Malone, Swae LeeSunflower
42%
Calvin Harris, Dua LipaOne Kiss
41%
Shawn Mendes, Camila CabelloSeñorita
41%
HozierTake Me to Church
41%
Tom OdellAnother Love
39%
Harry StylesAs It Was
39%
Luis Fonsi, Daddy Yankee, Justin BieberDespacito
39%
Drake, Wizkid, KylaOne Dance
38%
PassengerLet Her Go
37%
John LegendAll of Me
36%
NirvanaSmells Like Teen Spirit
36%
OasisWonderwall
36%
Alan WalkerFaded
35%
Post Malone, 21 SavageRockstar
35%
Lukas Graham7 Years
34%
Lewis CapaldiSomeone You Loved
34%
ColdplayYellow
34%
EminemLose Yourself
31%
Lady Gaga, Bradley CooperShallow
31%
The Chainsmokers, HalseyCloser
30%
Twenty One PilotsStressed Out
30%
Billie Eilish, KhalidLovely
29%
Macklemore and Ryan LewisCan't Hold Us
28%
Wiz Khalifa, Charlie PuthSee You Again
28%
Vance JoyRiptide
26%
Camila Cabello,Young ThugHavana
25%
Justin BieberSorry
25%
Mark Ronson, Bruno MarsUptown Funk
25%
DrakeGod's Plan
23%
Post MaloneCircles
22%
One RepublicCounting Stars
22%
BTSDynamite
22%
Marshmallow, BastilleHappier
22%
Dua Lipa, DaBabyLevitating
21%
Justin BieberLove Yourself
21%
Juice WRLDLucid Dreams
21%
The KillersMr. Brightside
21%
Ed SheeranPhotograph
21%
HalseyWithout Me
21%
XXXTENTACIONSAD!
20%
Major Laser, MØ, Major LazerLean On
18%
Olivia RodrigoGood 4 u
17%
Kendrick LamarHUMBLE.
17%
Dua LipaNew Rules
17%
The NeighbourhoodSweater Weather
17%
Shawn MendesTreat You Better
17%
Travis Scottgoosebumps
16%
Lil Nas X, Jack HarlowINDUSTRY BABY
16%
Mike Posner, SeebI Took A Pill In Ibiza
16%
The Chainsmokers, ColdplaySomething Just Like This
16%
XXXTENTACIONMoonlight
15%
Sam SmithStay With Me
15%
Travis ScottSICKO MODE
13%
24kGoldn, iann diorMood
12%
The WeekndThe Hills
12%
Post Malone, QuavoCongratulations
11%
Dua LipaDon't Start Now
11%
Jason MrazI'm Yours
11%
Ed SheeranThinking Out Loud
11%
The Chainsmokers, DayaDon't Let Me Down
10%
Bruno MarsJust The Way You Are
10%
Lil Nas XMONTERO
10%
Roddy RicchThe Box
10%
Arctic MonkeysDo I Wanna Know?
9%
Ed Sheeran & Justin BieberI Don't Care
9%
SiaCheap Thrills
8%
DJ Snake, Justin BieberLet Me Love You
8%
Maroon 5Memories
8%
SAINt JHN,ImanbekRoses
8%
French Montana, Swae LeeUnforgettable
8%
Post MaloneBetter Now
7%
James ArthurSay You Won't Let Go
6%
Ariana Grandethank u, next
6%
Eminem, Nate DoggTill I Collapse
6%
The WeekndDie For You
4%
XXXTENTACIONJocelyn Flores
4%
LauvI Like Me Better
3%
J. ColeNo Role Modelz
3%
Bruno MarsThat's What I Like
3%
Sam SmithToo Good At Goodbyes
3%
Lil Uzi VertXO Tour LLif3
2%
Bad Bunny, JhaycoDÁKITI
1%
Shawn MendesThere's Nothing Holdin' Me Back
1%

Verteilung der Resultate

Perzentil nach korrekt beantworteten Fragen

Anzahl Personen mit jedem Resultat

Ihre Resultats-Entwicklung

Sie haben dieses Quiz noch nicht gespielt